Η Δικαιοσύνη

Αποθηκεύτηκε σε:
Λεπτομέρειες βιβλιογραφικής εγγραφής
Κύριος συγγραφέας: Vecchio, Giorgio del
Άλλοι συγγραφείς: Πολυγένης, Ιωάννης Κ. (Μεταφραστής)
Μορφή: Βιβλίο
Γλώσσα:Greek
Δημοσίευση: Αθήνα : Οργανισμός Εκδόσεων Σχολικών Βιβλίων, 1961
Θέματα:
Ετικέτες: Προσθήκη ετικέτας
Δεν υπάρχουν, Καταχωρήστε ετικέτα πρώτοι!

MARC

LEADER 00000cam a2200000 i 4500
001 1/89581
008 080624s1961 gre d
035 |l 10098407 
040 |a GR-MY-UA  |b gre  |e aacr 
041 0 |a gre 
082 0 |a 340.11  |2 (22) 
100 1 |a Vecchio, Giorgio del. 
245 1 2 |a Η Δικαιοσύνη /  |c Giorgio del Vecchio ; μετάφραση υπό Ιωάννου Κ. Πολυγένους 
260 |a Αθήνα :   |b Οργανισμός Εκδόσεων Σχολικών Βιβλίων,   |c 1961 
300 |a 282 σ. ;  |c 23 εκ. 
650 0 0 |a Law  |x Philosophy. 
650 0 0 |a Justice. 
700 1 |a Πολυγένης, Ιωάννης Κ.  |4 trl 
852 |a INST  |b RHODES  |c AKA  |e 20080624  |h  340.11 VEC  |p 005400028939  |q 005400028939  |t BK  |y 0 
901 |a BIBL4-2008-2 
909 |a Ρ  |b 150266 
970 |a ΜΙΣΣΟΣ  |b ΣΤΑΥΡΟΣ  |z 2008/06/24